000 01879cam a22005051 4500
003 PE-LiUPU
005 20250731170502.0
008 721228s1957 nju 000 0 eng
040 _bspa
_cPE-LiUPU
_dPE-LiUPU
_erda.
082 _a170
_220
_bL973m
100 _aLutero, Martín,
_d1483-1546.
_91490
245 0 0 _aMartin Luther on the bondage of the will :
_bA new translation of De servo arbitrio (1525) Martin Luther's reply to Erasmus of Rotterdam /
_cJ. I. Packer and O. R. Johnston.
264 _aWestwood, N.J. :
_bRevell,
_c[1957].
300 _a322 páginas.
_c21 centímetros.
504 _aContiene pié de página e Index.
505 _aReview of Erasmus´preface (W.A. 603-639) -- Review of Erasmus´ introduction (W.A. 639-661) -- Review of Erasmus´ arguments for "free will" (W.A. 661-699) -- Review of Erasmus´ treatment of texts that deny "free-will"- (I) (W.A. 699-733) -- Review of Erasmus´ treatment of texts that deny "free-will"- (II) (W.A. 733-756) -- The bible doctrine of the bondage of the wil (W.A. 756-786).
526 _aSEG68
526 _aSEG70
526 _aSEG69
526 _aSEG67
526 _aSEG43
526 _aP144
526 _aP143
526 _aP131
526 _aP122
526 _aP120
526 _aP117
526 _aP112
526 _aP110
526 _aP106
526 _aP101
526 _aP80
526 _aP59
526 _aP54
526 _aP35
526 _aP33
526 _aP30
600 1 0 _aErasmus, Desiderius,
_d1536.
650 0 _aLibre albedrío y determinismo
_91488
700 1 _aPacker, J. I.
_q(James Innell)
_eautor
700 1 _aJohnston, O. R.
_q(Olaf Raymond)
_eautor
942 _2ddc
_cBK
980 _623148
_aAnálisis Documental EVILA ACOSTA
_81
_gALBERTO SANCHEZ Responsable de Automatización
999 _c61894
_d61894